ARRUPE JESUIT UNIVERSITY

CORONAVIRUS -STOP THE SPREAD - CLEAN,DISINFECT,COVER

Origins of logical empiricism / (Record no. 123376)

MARC details
000 -LEADER
fixed length control field 01070cam a2200289 a 4500
001 - CONTROL NUMBER
control field 3524470
003 - CONTROL NUMBER IDENTIFIER
control field ARRUPE
005 - DATE AND TIME OF LATEST TRANSACTION
control field 20150910111218.0
008 - FIXED-LENGTH DATA ELEMENTS--GENERAL INFORMATION
fixed length control field 960507s1997 mnua b 001 0 eng
010 ## - LIBRARY OF CONGRESS CONTROL NUMBER
LC control number 96019926
020 ## - INTERNATIONAL STANDARD BOOK NUMBER
International Standard Book Number 0816628343 (hc : acidfree paper)
040 ## - CATALOGING SOURCE
Original cataloging agency DLC
Transcribing agency DLC
Modifying agency DLC
050 00 - LIBRARY OF CONGRESS CALL NUMBER
Classification number B824.5
Item number D69 1996
082 00 - DEWEY DECIMAL CLASSIFICATION NUMBER
Classification number 501 s
-- 146/.42
Edition number 20
300 ## - PHYSICAL DESCRIPTION
Other physical details ill. ;
Dimensions 24 cm.
100 ## - MAIN ENTRY--PERSONAL NAME
Personal name Giere, Ronald N.
9 (RLIN) 18425
245 00 - TITLE STATEMENT
Title Origins of logical empiricism /
Statement of responsibility, etc edited by Ronald N. Giere and Alan W. Richardson.
260 ## - PUBLICATION, DISTRIBUTION, ETC. (IMPRINT)
Place of publication, distribution, etc Minneapolis :
Name of publisher, distributor, etc University of Minnesota Press,
Date of publication, distribution, etc c1996.
300 ## - PHYSICAL DESCRIPTION
Extent vii, 392 p. :
440 #0 - SERIES STATEMENT/ADDED ENTRY--TITLE
Title Minnesota studies in the philosophy of science ;
Volume number/sequential designation v. 16
9 (RLIN) 19748
504 ## - BIBLIOGRAPHY, ETC. NOTE
Bibliography, etc Includes bibliographical references (p. 355-377) and indexes.
650 #0 - SUBJECT ADDED ENTRY--TOPICAL TERM
Topical term or geographic name as entry element Logical positivism.
9 (RLIN) 5718
700 1# - ADDED ENTRY--PERSONAL NAME
Personal name Giere, Ronald N.
9 (RLIN) 18425
700 1# - ADDED ENTRY--PERSONAL NAME
Personal name Richardson, Alan W.
9 (RLIN) 5720
906 ## - LOCAL DATA ELEMENT F, LDF (RLIN)
a 7
b cbc
c orignew
d 1
e ocip
f 19
g y-gencatlg
942 ## - ADDED ENTRY ELEMENTS (KOHA)
Source of classification or shelving scheme Library of Congress Classification
Koha item type Monograph ( Printed materials)
Holdings
Withdrawn status Lost status Source of classification or shelving scheme Damaged status Not for loan Collection code Home library Current library Shelving location Date acquired Total Checkouts Full call number Barcode Date last seen Date checked out Price effective from Koha item type
    Library of Congress Classification     Main Collection ARRUPE LIBRARY ARRUPE LIBRARY Main Collection 10/09/2015 1 B824.5D69 1996 46500004273 20/11/2015 12/11/2015 10/09/2015 Monograph ( Printed materials)

 

Arrupe Library. PO Box MP320 Mt Pleasant, Harare, Zimbabwe
263 242 745411|librarian@aju.ac.zw